000
00274nam a2200121Ia 4500
008
190216s9999||||xx |||||||||||||| ||und||
100
_a
Terry And Franklin
245
0
_a
Principles Of Management
260
_b
Null
_c
1991
300
_a
614p
650
_a
Commerce
942
_c
BK
999
_c
5490
_d
5490